[Event "Moscow Botvinnik Cup U14 Girls"]
[Site "Moscow"]
[Date "2021.08.24"]
[Round "9"]
[White "Bargan, Victoria"]
[Black "Zafari, Shukrona"]
[Result "1-0"]
[WhiteElo "1728"]
[BlackElo "1074"]
[PlyCount "87"]
[EventDate "2021.08.19"]
[EventType "tourn"]
[EventRounds "9"]
[EventCountry "RUS"]
[SourceTitle "CBM 204 Extra"]
[Source "ChessBase"]
[SourceDate "2021.11.30"]
[SourceVersion "1"]
[SourceVersionDate "2021.11.30"]
[SourceQuality "1"]

1. d4 d5 2. c4 c6 3. Nc3 Nf6 4. Nf3 e6 5. Bg5 Nbd7 6. e3 Be7 7. Bd3 h6 8. Bh4 0-0 9. 0-0 Nh7 10. Bxe7 Qxe7 11. cxd5 cxd5 12. Rc1 a6 13. Na4 b5 14. Nc5 Nxc5 15. Bxh7+ Kxh7 16. Rxc5 Bb7 17. Qc2+ Kg8 18. Rc7 Rac8 19. Rxe7 Rxc2 20. Rxb7 Rxb2 21. a4 Rc8 22. axb5 Rxb5 23. Rxb5 axb5 24. g3 b4 25. Rb1 Rb8 26. Rb3 g6 27. Ne5 h5 28. Nd3 Kg7 29. Rxb4 Rxb4 30. Nxb4 f5 31. h4 Kf6 32. f4 Kf7 33. Nc6 Kg7 34. Ne5 Kf6 35. Kf2 Kg7 36. Ke2 Kh7 37. Kd2 Kh6 38. Kc3 Kg7 39. Kb4 Kf6 40. Kc5 Kg7 41. Kd6 Kf6 42. Kd7 Kg7 43. Kxe6 Kh6 44. Kxd5 1-0

[Event "Moscow Botvinnik Cup U14 Girls"]
[Site "Moscow"]
[Date "2021.08.22"]
[Round "6"]
[White "Muradyan, Anahit"]
[Black "Zafari, Shukrona"]
[Result "1-0"]
[WhiteElo "1492"]
[BlackElo "1074"]
[PlyCount "85"]
[EventDate "2021.08.19"]
[EventType "tourn"]
[EventRounds "9"]
[EventCountry "RUS"]
[SourceTitle "CBM 204 Extra"]
[Source "ChessBase"]
[SourceDate "2021.11.30"]
[SourceVersion "1"]
[SourceVersionDate "2021.11.30"]
[SourceQuality "1"]

1. Nf3 Nc6 2. g3 e6 3. Bg2 Nf6 4. 0-0 Bc5 5. d4 Bb6 6. c4 Ne7 7. b4 c6 8. Nc3 0-0 9. c5 Bc7 10. a4 a6 11. e4 h6 12. Bb2 Ne8 13. e5 b6 14. Nd2 Bb7 15. Qe2 bxc5 16. dxc5 Nd5 17. Qe4 f5 18. Qd4 Nxc3 19. Bxc3 Bb8 20. b5 Nc7 21. b6 Nd5 22. Bb2 a5 23. f4 Nb4 24. Rfc1 Ba6 25. Bf1 Bxf1 26. Kxf1 Rf7 27. Nc4 Nd5 28. Bc3 Nxc3 29. Qxc3 g5 30. Rc2 gxf4 31. gxf4 Rg7 32. Rg2 Qh4 33. Rxg7+ Kxg7 34. Qg3+ Qxg3 35. hxg3 Kg6 36. Rd1 Kh5 37. Rxd7 Kg4 38. Kg2 Kh5 39. Rd8 Kg6 40. b7 Ra7 41. Rxb8 Kg7 42. Rg8+ Kxg8 43. b8Q+ 1-0

[Event "Moscow Botvinnik Cup U14 Girls"]
[Site "Moscow"]
[Date "2021.08.21"]
[Round "5"]
[White "Zafari, Shukrona"]
[Black "Ter Avetisjana, Agnesa Stepania"]
[Result "0-1"]
[WhiteElo "1074"]
[BlackElo "1810"]
[PlyCount "90"]
[EventDate "2021.08.19"]
[EventType "tourn"]
[EventRounds "9"]
[EventCountry "RUS"]
[SourceTitle "CBM 204 Extra"]
[Source "ChessBase"]
[SourceDate "2021.11.30"]
[SourceVersion "1"]
[SourceVersionDate "2021.11.30"]
[SourceQuality "1"]

1. d4 d5 2. c4 c6 3. Nc3 Nf6 4. e3 e6 5. a3 Nbd7 6. Nf3 Be7 7. Bd3 dxc4 8. Bxc4 b5 9. Be2 Bb7 10. 0-0 a6 11. b4 a5 12. bxa5 Rxa5 13. a4 Qa8 14. Bd2 b4 15. Nb1 Nb6 16. Qb3 Rxa4 17. Rxa4 Qxa4 18. Qxa4 Nxa4 19. Rc1 0-0 20. Ne5 Rc8 21. Nd3 Ba6 22. Kf1 b3 23. Nc3 Nxc3 24. Bxc3 Nd5 25. Bb2 f6 26. Nc5 Bxe2+ 27. Kxe2 Bxc5 28. Rxc5 Kf7 29. g3 Ra8 30. Kd1 Ra2 31. Rxc6 Rxb2 32. Rc8 Rxf2 33. h4 b2 34. Rb8 Nxe3+ 35. Ke1 Rf1+ 36. Ke2 b1Q 37. Rxb1 Rxb1 38. Kxe3 e5 39. dxe5 fxe5 40. Ke4 Ke6 41. g4 Rb4+ 42. Kf3 h5 43. gxh5 Kf5 44. Kg3 Rb3+ 45. Kg2 Kf4 0-1